000 00674nam a2200217 a 4500
999 _c5480
_d5480
001 5480
003 BD-JhCC
005 20200426134007.0
008 171217s19901995xxua|||| || | 000 0 ben d
035 _a(BD-JhCC)5480
040 _aBD-JhCC
_dBD-JhCC
041 _aben
082 _a516
_bZAM 1995
100 _aউজ-জামান, আফসার
245 _aউচ্চ মাধ্যমিক ত্রিকোণমিতি /
_cআফসার উজ-জামান,
260 _aঢাকা :
_bআইডিয়াল লাইব্রেরী,
_c1995.
300 _a298 p. :
_c20 cm.
650 _aGeometry
942 _2ddc
_cBK
_02